Welcome to the Holygrace Academy Library

Please use search bar below to get started

THE ALEXANDRIA LINK (Record no. 2003)

MARC details
000 -LEADER
fixed length control field 00643nam a22001457a 4500
020 ## - INTERNATIONAL STANDARD BOOK NUMBER
ISBN 978-0-345-48575-5
082 ## - DEWEY DECIMAL CLASSIFICATION NUMBER
Classification number 823
Item number BER/S
100 ## - MAIN ENTRY--AUTHOR NAME
Personal name BERRY, STEVE
245 ## - TITLE STATEMENT
Title THE ALEXANDRIA LINK
260 ## - PUBLICATION, DISTRIBUTION, ETC. (IMPRINT)
Place of publication NEW YORK
Name of publisher THE BALLANTINE BOOKS
Year of publication 2007
300 ## - PHYSICAL DESCRIPTION
Number of Pages 462
520 ## - SUMMARY, ETC.
Summary, etc Cotton Malone retired from the high-risk world of elite operatives for the U.S. State Department to lead the low-key life of a rare-book dealer. But his quiet existence is shattered when he receives an anonymous e-mail: "You have something I want. You're the only person on earth who knows where to find it ...
650 ## - SUBJECT ADDED ENTRY--TOPICAL TERM
Topical Term ENGLISH NOVEL
Geographic subdivision UNITED STATES
942 ## - ADDED ENTRY ELEMENTS (KOHA)
Koha item type Books
Holdings
Withdrawn status Lost status Collection code Home library Current library Shelving location Date acquired Source of acquisition Full call number Accession Number Koha item type
    Reference Main Library Main Library SHELF 1 E-CURRICULAM &ENGLISH NOVELS FOR TEACHERS 17/06/2010 purchase 823 BER/S 05408 Books